O feiticeiro de Oz (Registo nº 4170)

Detalhes MARC
000 -Etiqueta do registo
Cabeçalho 00692nam a2200229 4500
005 - Identificador da versão
Campo de controlo 20240813122054.0
100 ## - Dados gerais de processamento
Dados gerais de processamento 20161215f19 d y0pory5003 ba
102 ## - Pais de publicação ou produção
País de publicação Portugal
101 1# - Língua de publicação
Língua do texto, banda sonora, etc. Português
Língua do documento no original Inglês
215 ## - Descrição física 
Indicação específica da natureza do documento e extensão da espécie 155, [1] p.
Outras indicações físicas il.
200 1# - Titulo e menção de responsabilidade
Título próprio O feiticeiro de Oz
Primeira menção de responsabilidade L. Frank Baum
Outras menções de responsabilidade com as il. originais de W. W. Denslow
225 1# - Colecção 
Título próprio da colecção Livros de bolso
Indicação de volume 430
210 ## - Publicação, Distribuição, etc. 
Lugar da edição, distribuição, etc. Mem Martins
Nome do editor, distribuidor, etc. Europa-América
Data da publicação, distribuição, etc. [19--]
606 ## - Nome comum usado como assunto
Número de registo de entrada de autoridade 0001524
Palavra de ordem Literatura americana
Subdivisão de assunto Conto
Código do sistema CA
675 ## - Classificação Decimal Universal (CDU)
Notação 821.111(73)-34
Edição 3ª ed.
Língua da edição por
702 #1 - Nome de autor-pessoa física (responsabilidade secundária)
Número de registo de entrada de autoridade 0001585
Palavra de ordem Denslow
Outra parte do nome não tomada para palavra de ordem W. W.
Código de função Ilustrador / Técnico de desenho computorizado
700 #1 - Nome de autor-pessoa física (responsabilidade principal)
Número de registo de entrada de autoridade 0001584
Palavra de ordem Baum
Outra parte do nome não tomada para palavra de ordem L. Frank
Datas 1856-1919
966 ## - Identificação da Biblioteca
Sigla EBVEN
942 ## - Elementos de entrada adicionados (Koha)
Tipo de item no Koha Livro
Exemplares
Situação do levantamento Origin of item (home branch) (coded) Biblioteca de empréstimo Código de barras Cota Circulation type (not for loan) Tipo de documento Nota do exemplar Damaged status
  Biblioteca Escolar das Vendas Biblioteca Escolar das Vendas BEV1399 8EST BAU   Livro Sem mensagem